Normal view
MARC view
Entry Topical Term
001 - CONTROL NUMBER
- control field: 736
003 - CONTROL NUMBER IDENTIFIER
- control field: NLI
005 - DATE AND TIME OF LATEST TRANSACTION
- control field: 20210201110147.0
008 - FIXED-LENGTH DATA ELEMENTS
- fixed length control field: 210201|| aca||aabn | a|a d
040 ## - CATALOGING SOURCE
- Original cataloging agency: NLI
- Transcribing agency: NLI
150 ## - HEADING--TOPICAL TERM
- Topical term or geographic name entry element: Outlaws
- Form subdivision: Fiction
- Geographic subdivision: Africa
670 ## - SOURCE DATA FOUND
- Source citation: Work cat.: (NLI): 880-01 Mwanza Mujila, Fiston, 1981- 733, Tram 83 :, 2016
